Považský Expres nezávislý týždenník

Bibliographic Details
New Title:Povex magazín
Other Authors: Záboj, Ľubomír (Compiler), Borák, Jaroslav (Publishing director)
Format: Newspaper
Language:Slovak
PhysicalDescription:1 zv. 42 cm
Published: Žilina Povex 0/1990-10/1990
Subjects:

MARC

LEADER 00000cas a2200000 a 4500
001 vtls010487384
003 SK-MaSNL
005 20260228161208.0
008 130201d19901990xo wr n 0 b0slo
040 |a SNK  |b slo  |c SNK  |e AACR2 
041 0 |a slo 
044 |a xo  |c SK 
072 7 |a 316.7  |x Sociológia kultúry. Kultúrny život  |2 konspekt 
080 |a 316.728  |2 2011 
080 |a (437.6)  |2 2011 
080 |a 050  |2 2001 
080 |a (051)+(054)(437.6) 
084 |a MIČ 49487  |2 mksr 
245 0 0 |a Považský Expres  |b nezávislý týždenník 
260 |a Žilina  |b Povex  |c 0/1990-10/1990 
300 |a 1 zv.  |c 42 cm 
310 |a 1x týždenne 
362 0 |a Roč. 1, č. 0 (1990)-roč. 1, č. 10 (1990) 
500 |a Reg. číslo: MK SR 64/90 
500 |a Zost.: č. 0 (1990)-č. 5 (1990), Ľubomír Záboj 
500 |a Šéfredaktor: č. 6 (1990)-č. 10 (1990), Jaroslav Borák 
500 |a Pokračuje roč. 1, č. 11 pod názvom: Povex magazín 
515 |a Vyšlo aj nulté číslo 
650 0 7 |a spoločenský život  |2 SNKPH  |9 28654 
651 7 |a Považie (Slovensko : región)  |2 SNKPHgeo  |9 169105 
655 7 |a regionálne periodiká  |2 SNKPH  |9 131775 
700 1 |a Záboj, Ľubomír  |4 com  |9 268176 
700 1 |a Borák, Jaroslav  |4 pbd  |9 267381 
785 0 0 |t Povex magazín  |w vtls011704974 
910 |a snk 
999 |c 4630  |d 6560 
952 |0 0  |1 0  |4 0  |7 0  |a SNK  |b SNK  |d 2013-02-01  |i snkČSP 1028/92  |l 0  |o snkČSA 1200/1/1990/1 D1  |p 17A1053257  |r 2026-02-21 21:30:38  |t č. 0-10  |w 2026-02-21  |y PREZ 
952 |0 0  |1 0  |4 0  |7 0  |a SNK  |b SNK  |d 2017-07-31  |i snkČSP 1027/92  |l 0  |o snkČSA 1200/1/1990/1  |p 17A0821205  |r 2026-02-21 21:48:30  |t č. 0-10  |w 2026-02-21  |y PREZ